| 000 | 00402nam a22001217a 4500 | ||
|---|---|---|---|
| 082 | _a200 THE | ||
| 100 |
_aQadeem Khan _970336 |
||
| 245 | _aTH-SOF-1460-An Optimized Data clustering Algorithm for Analysis of Software Architectural Styles Data Set | ||
| 260 |
_aIslamabad _bNUST College of EME _c2017 |
||
| 650 | _aMS-CSE-14 MSTHESIS | ||
| 700 |
_aSupervisor Prof. Dr. Usman Qamar _970337 |
||
| 942 | _cCF | ||
| 999 |
_c577327 _d577327 |
||